[Event "Miercurea Ciuc op"]
[Site "Miercurea Ciuc"]
[Date "1999.??.??"]
[Round "2"]
[White "Ciobanu, Aurelian"]
[Black "Muresan, Radu"]
[Result "1-0"]
[WhiteElo "2255"]
[BlackElo "2165"]
[PlyCount "77"]
[EventDate "1999.08.??"]
[EventType "swiss"]
[EventRounds "9"]
[EventCountry "ROU"]
[SourceTitle "EXT 2001"]
[Source "ChessBase"]
[SourceDate "2000.11.22"]
[SourceVersion "1"]
[SourceVersionDate "2000.11.22"]
[SourceQuality "1"]

1. d4 Nf6 2. Bg5 Ne4 3. h4 c6 4. Nd2 Nxg5 5. hxg5 Qb6 6. Nb3 a5 7. Qd3 a4 8. Nd2 g6 9. 0-0-0 Bg7 10. Ngf3 a3 11. b3 Na6 12. c3 d6 13. e4 Qc7 14. Qe3 b5 15. Ne1 b4 16. c4 e5 17. dxe5 Bxe5 18. Nd3 Bc3 19. g3 Qe7 20. Bg2 0-0 21. Rh2 Nc5 22. Nxc5 dxc5 23. f4 Bg4 24. Bf3 Bxf3 25. Nxf3 Rad8 26. Rdh1 Bg7 27. Rxh7 Rd7 28. Ne5 Bxe5 29. fxe5 Qxe5 30. Rh8+ Qxh8 31. Rxh8+ Kxh8 32. Qxc5 Rfd8 33. Qxb4 Rd1+ 34. Kc2 R8d3 35. Qf8+ Kh7 36. Qxf7+ Kh8 37. Qf8+ Kh7 38. Qh6+ Kg8 39. Qxg6+ 1-0

[Event "Miercurea Ciuc op"]
[Site "Miercurea Ciuc"]
[Date "1999.??.??"]
[Round "9"]
[White "Muresan, Radu"]
[Black "Luber, Roger"]
[Result "1/2-1/2"]
[WhiteElo "2165"]
[BlackElo "2138"]
[PlyCount "23"]
[EventDate "1999.08.??"]
[EventType "swiss"]
[EventRounds "9"]
[EventCountry "ROU"]
[SourceTitle "EXT 2001"]
[Source "ChessBase"]
[SourceDate "2000.11.22"]
[SourceVersion "1"]
[SourceVersionDate "2000.11.22"]
[SourceQuality "1"]

1. e4 e5 2. Nf3 Nf6 3. Bc4 Nc6 4. 0-0 Bc5 5. d4 Bxd4 6. Nxd4 Nxd4 7. Bg5 d6 8. f4 Be6 9. Bxe6 Nxe6 10. fxe5 dxe5 11. Qxd8+ Rxd8 12. Bxf6 1/2-1/2

[Event "Miercurea Ciuc op"]
[Site "Miercurea Ciuc"]
[Date "1999.??.??"]
[Round "8"]
[White "Schmid, Siegfried"]
[Black "Muresan, Radu"]
[Result "1/2-1/2"]
[WhiteElo "2213"]
[BlackElo "2165"]
[PlyCount "105"]
[EventDate "1999.08.??"]
[EventType "swiss"]
[EventRounds "9"]
[EventCountry "ROU"]
[SourceTitle "EXT 2001"]
[Source "ChessBase"]
[SourceDate "2000.11.22"]
[SourceVersion "1"]
[SourceVersionDate "2000.11.22"]
[SourceQuality "1"]

1. g3 e5 2. Bg2 Nf6 3. c4 c6 4. d4 exd4 5. Qxd4 d5 6. Nc3 Be7 7. cxd5 0-0 8. d6 Qxd6 9. Qxd6 Bxd6 10. Bg5 Ng4 11. Nf3 h6 12. Bd2 Re8 13. 0-0 Na6 14. Rad1 Bc7 15. Bf4 Bxf4 16. gxf4 Nf6 17. Ne5 Be6 18. Rd2 Nb4 19. b3 Rad8 20. Rfd1 Rxd2 21. Rxd2 Nfd5 22. Nxd5 Nxd5 23. e3 Kf8 24. Nc4 Ke7 25. f5 Bd7 26. Bxd5 cxd5 27. Rxd5 f6 28. e4 Bc6 29. Rd4 b5 30. Na5 Ba8 31. f3 Rd8 32. Rxd8 Kxd8 33. Kf2 Kc7 34. Ke3 Kd6 35. Kd4 Ke7 36. Kc5 Kf7 37. Nc6 g5 38. b4 a6 39. h3 h5 40. Nb8 Bxe4 41. fxe4 g4 42. hxg4 h4 43. g5 h3 44. g6+ Kg7 45. Nxa6 h2 46. Kxb5 h1Q 47. Nc5 Qf1+ 48. Kc6 Qc4 49. b5 Qxa2 50. b6 Qa8+ 51. b7 Qe8+ 52. Nd7 Qxe4+ 53. Kc7 1/2-1/2

[Event "De Toamna Cup"]
[Site "Romania"]
[Date "1998.??.??"]
[Round "?"]
[White "Balla, Tamas Kristof"]
[Black "Muresan, Radu"]
[Result "1/2-1/2"]
[WhiteElo "2130"]
[BlackElo "2170"]
[PlyCount "82"]
[EventDate "1998.??.??"]
[EventType "swiss"]
[EventRounds "9"]
[EventCountry "ROU"]
[SourceTitle "EXT 2004"]
[Source "ChessBase"]
[SourceDate "2003.11.25"]
[SourceVersion "1"]
[SourceVersionDate "2003.11.25"]
[SourceQuality "1"]

1. d4 Nf6 2. c4 c5 3. d5 b5 4. cxb5 a6 5. bxa6 Bxa6 6. Nc3 g6 7. e4 Bxf1 8. Kxf1 d6 9. g3 Bg7 10. Qc2 0-0 11. Rb1 Nbd7 12. b3 Qa5 13. Bd2 Rfb8 14. Kg2 Qa6 15. Nge2 Nb6 16. h3 Nfd7 17. f4 Ra7 18. Be3 Rab7 19. a4 Na8 20. Nb5 Ndb6 21. Nec3 Nc7 22. Rhd1 Nba8 23. e5 Nxb5 24. Nxb5 Nc7 25. exd6 exd6 26. Nxd6 Qxd6 27. Bxc5 Qd7 28. b4 Nxd5 29. Qc4 Rd8 30. Kh2 Qe6 31. Rd2 Rbd7 32. Rbd1 Nc3 33. Rxd7 Qxc4 34. Rxd8+ Bf8 35. Rxf8+ Kg7 36. Re1 Ne4 37. Re8 Qc2+ 38. Kg1 f5 39. Rd8 Nxc5 40. bxc5 Qxc5+ 41. Kf1 Qc4+ 1/2-1/2